000 00692nam a2200289Ia 4500
005 20260324140453.0
008 008 260324s9999 xx 000 0 eng d
020 _a9781315005775
037 _aEBOOK
040 _aCRL
040 _beng
040 _cCRL
041 _2eng
041 _aeng
084 _qCRL
100 _aTimothy Murray
_91204513
245 0 _aDrama Trauma
245 0 _bSpecters of Race and Sexuality in Performance, Video and Art
260 _bTaylor and Francis
260 _c1998
365 _a
365 _b230
856 _uhttp://www.taylorfrancis.com/books/9781315005775
942 _cEBOOK
999 _c1806644
_d1806644